000 00624nam a2200193 u 4500
001 000020636
003 OSt
005 20210407133835.0
008 100812s2019 dr r 00 0 spa d
020 _a9789945590968
040 _aDO-SdBNP
_bspa
_cBNPHU
082 _axxx
_bS964
245 1 0 _aSusurros al atardecer sobre el río Higuamo y otros cuentos. /
_cVíctor de Frias, Víctor Arturus Estrella Sánchez, [et.al.].
260 _aSanto Domingo :
_bFundación Global Democracia y Desarrollo,
_c2019.
300 _a78 p. ;
_c24 cm.
505 _aPremio FUNGLODE
590 _aInventariado, 2020 / DG
942 _2ddc
_cLBS1
999 _c20140
_d20140